000 00638nam a22002172a 4500
001 20777
003 BD-RjUL
005 20211209000617.0
008 140302s1960 nyu 000 1 eng d
035 _aOCLC ocm00282520 from D950420M
_a(BD-RjUL)20839
040 _aDLC
_cWSU
_dSER
_dEQO
_dBD-RjUL
_beng
041 _aeng
082 _a823
_bCAM 1960
100 1 _aCallaghan, Morley,
_d1903-1990
_964160
245 1 4 _aThe many colored coat /
_c Morley Callaghan,
260 _aToronto :
_bMacmillan,
_cc1960
300 _a318 p. :
_c22 cm
650 _a Literatura Expressao Inglesa.
_964161
942 _2ddc
_cBK
999 _c20777
_d20777